000 00790cam a2200265 a 4500
001 2436533
005 20171228034102.0
008 880317s1989 nyua be 001 0 eng
010 _a 88010601
020 _a0442217501 (set)
020 _a0442318146 (v. 1)
020 _a0442318162 (v. 2)
040 _aDLC
_cDLC
_dDLC
041 _aeng
080 _a03..21 VAN
082 0 0 _a503..21 VAN
_219
100 _a21
101 _aENC
245 0 0 _aVan Nostrand's scientific encyclopedia /
_cDouglas M. Considine, editor ; Glenn D. Considine, managing editor.
504 _aIncludes bibliographies and index.
740 0 _aScientific encyclopedia.
906 _a7
_bcbc
_corignew
_d1
_eocip
_f19
_gy-gencatlg
942 _2ddc
_cBK
999 _c39510
_d39510